000 00325 a2200109 4500
001 ART_50498
005 20260410161632.0
008 260409a
245 1 0 _aEl nuevo impuesto para una Argentina inclusiva y solidaria
100 1 _aCoronello, Silvina E.
773 0 _tEnfoques
_g- N°1 (ene. 2020)
_wREV416
999 _c12530
_d12530